[Event "VIII. hagymatikum Kupa „B”"]
[Site "Makó, Korona Hotel"]
[Date "2019.05.31"]
[Round "3.2"]
[White "Kocsmar, Akos"]
[Black "Kakuk, Sandor"]
[Result "1/2-1/2"]
[WhiteElo "1769"]
[BlackElo "2163"]
[PlyCount "84"]
[EventDate "2019.05.30"]

1. d4 d5 2. Nf3 Nc6 3. c4 Bg4 4. e3 e6 5. Nc3 Nf6 6. Be2 Be7 7. O-O O-O 8. Nd2
Bf5 9. a3 e5 10. dxe5 Nxe5 11. cxd5 Nxd5 12. Nxd5 Qxd5 13. Nf3 Nxf3+ 14. Bxf3
Qxd1 15. Rxd1 Rfd8 16. Re1 c6 17. e4 Be6 18. Bf4 Bc5 19. Be5 Rd2 20. Re2 Rad8
21. Bc3 Rd1+ 22. Re1 Rxa1 23. Rxa1 Bb3 24. Rc1 Bd4 25. Kf1 Bxc3 26. Rxc3 Be6
27. Ke2 Kf8 28. b4 Ke7 29. Ke3 Kf6 30. Be2 Ke7 31. Rd3 Rxd3+ 32. Bxd3 f6 33.
Kd4 Kd6 34. f4 h6 35. h4 g5 36. g3 b6 37. e5+ fxe5+ 38. fxe5+ Ke7 39. Be4 Bd7
40. Bf3 Ke6 41. Bg4+ Ke7 42. Bf3 Ke6 1/2-1/2

[Event "VIII. hagymatikum Kupa „B”"]
[Site "Makó, Korona Hotel"]
[Date "2019.05.31"]
[Round "3.3"]
[White "Berta, Sandor"]
[Black "Ats, Laszlo Gyorgy"]
[Result "1-0"]
[WhiteElo "2062"]
[BlackElo "1969"]
[PlyCount "111"]
[EventDate "2019.05.30"]

1. e4 d5 2. exd5 Qxd5 3. Nc3 Qa5 4. d4 Nf6 5. Nf3 Bg4 6. h3 Bxf3 7. Qxf3 c6 8.
Bc4 e6 9. O-O Be7 10. Bb3 Nbd7 11. Bd2 Qh5 12. Qe3 Nd5 13. Nxd5 cxd5 14. Qg3
Rc8 15. Ba4 Qh4 16. Qxg7 Bf6 17. Bxd7+ Kxd7 18. Qxf7+ Be7 19. Rfe1 Rc6 20. Bb4
Re8 21. c3 a5 22. Bxe7 Rxe7 23. Qf3 Rc8 24. Re5 Rg7 25. Rh5 Qe7 26. Re1 Qd6 27.
Rhe5 Re8 28. c4 dxc4 29. Qxb7+ Qc7 30. Qxc7+ Kxc7 31. Rxa5 Kd6 32. Rc5 Rb7 33.
Re2 Reb8 34. Rxc4 Rxb2 35. Rxb2 Rxb2 36. Ra4 Kd5 37. g4 Ke4 38. Kg2 Rd2 39. Ra6
Kd5 40. Ra7 h6 41. a4 Ke4 42. Re7 Kd5 43. Rd7+ Kc6 44. Rh7 Rxd4 45. Rxh6 Kd6
46. a5 Ra4 47. Rh5 Ke7 48. Rb5 Kf6 49. Kg3 Kg6 50. h4 Kf6 51. h5 Ra3+ 52. Kh4
Ra4 53. h6 Kg6 54. Re5 Kxh6 55. Rxe6+ Kg7 56. a6 1-0

[Event "VIII. hagymatikum Kupa „B”"]
[Site "Makó, Korona Hotel"]
[Date "2019.05.31"]
[Round "3.4"]
[White "Balint, Richard"]
[Black "Turcsanyi, Vince Gergo"]
[Result "1/2-1/2"]
[WhiteElo "2043"]
[BlackElo "1816"]
[PlyCount "43"]
[EventDate "2019.05.30"]

1. e4 e5 2. f4 d5 3. exd5 exf4 4. Nf3 Nf6 5. Bb5+ c6 6. dxc6 Nxc6 7. d4 Bd6 8.
Qe2+ Be6 9. Ne5 Bxe5 10. Bxc6+ bxc6 11. Qxe5 O-O 12. O-O Bc4 13. Rd1 Re8 14.
Qxf4 Re4 15. Qg3 Rxd4 16. Re1 Re4 17. Nc3 Rxe1+ 18. Qxe1 Nd5 19. Nxd5 Bxd5 20.
Be3 Qf6 21. c3 Re8 22. Bg5 1/2-1/2

[Event "VIII. hagymatikum Kupa „B”"]
[Site "Makó, Korona Hotel"]
[Date "2019.05.31"]
[Round "3.5"]
[White "Illes, David Mark"]
[Black "Marjanovic, Gyorgy"]
[Result "0-1"]
[WhiteElo "1846"]
[BlackElo "2035"]
[PlyCount "64"]
[EventDate "2019.05.30"]

1. d4 d5 2. Nf3 Nf6 3. c4 e6 4. g3 Be7 5. Bg2 O-O 6. O-O Nbd7 7. Qc2 c6 8. Nbd2
b6 9. b3 Bb7 10. Bb2 Rc8 11. e4 a5 12. e5 Ne8 13. Rfe1 c5 14. Qd1 dxc4 15. Nxc4
b5 16. Na3 Nc7 17. Rc1 cxd4 18. Nxd4 Bxg2 19. Kxg2 Bxa3 20. Bxa3 b4 21. Nc6 Qe8
22. Bb2 Nd5 23. a3 Rxc6 24. Rxc6 Qa8 25. Qc1 Ne7 26. Rd1 Nb8 27. Kg1 Qxc6 28.
Qxc6 Nexc6 29. Rd6 Rd8 30. axb4 axb4 31. Kg2 Rxd6 32. exd6 f6 0-1

[Event "VIII. hagymatikum Kupa „B”"]
[Site "Makó, Korona Hotel"]
[Date "2019.05.31"]
[Round "3.6"]
[White "K. Szabo, Jozsef"]
[Black "Restas, Peter"]
[Result "0-1"]
[WhiteElo "1699"]
[BlackElo "2086"]
[PlyCount "118"]
[EventDate "2019.05.30"]

1. e4 c5 2. Nf3 d6 3. d4 cxd4 4. Nxd4 Nf6 5. Nc3 a6 6. Be2 e5 7. Nb3 Be7 8. O-O
O-O 9. Be3 Be6 10. f3 Nbd7 11. Qe1 Rc8 12. Qf2 Qc7 13. Rac1 Bd8 14. Rfd1 Nb6
15. Kh1 Nc4 16. Bxc4 Bxc4 17. Na4 Qc6 18. Nb6 Bxb6 19. Bxb6 Bxb3 20. axb3 d5
21. exd5 Nxd5 22. Be3 Rfd8 23. c3 h6 24. Rd3 Nxe3 25. Qxe3 Rxd3 26. Qxd3 Qb6
27. Qc2 Rd8 28. h3 Qe3 29. Rd1 Rxd1+ 30. Qxd1 e4 31. fxe4 Qxe4 32. b4 g6 33.
Qd2 Kg7 34. Kg1 g5 35. Qd4+ Qxd4+ 36. cxd4 f5 37. Kf2 Kf6 38. Ke3 b5 39. g3 Ke6
40. b3 Kd5 41. Kd3 f4 42. g4 f3 43. Ke3 f2 44. Kxf2 Kxd4 45. Kf3 Kd3 46. Kf2
Kc3 47. Ke3 Kxb4 48. Ke4 Kxb3 49. Kf5 a5 50. Kg6 a4 51. Kxh6 a3 52. Kxg5 a2 53.
h4 a1=Q 54. Kg6 Qh8 55. h5 Kc4 56. h6 Kd5 57. g5 Ke6 58. h7 b4 59. Kh6 Kf5 0-1

[Event "VIII. hagymatikum Kupa „B”"]
[Site "Makó, Korona Hotel"]
[Date "2019.05.31"]
[Round "3.7"]
[White "Fabian Nagy, Sandor"]
[Black "Fridrik, Richard"]
[Result "1/2-1/2"]
[WhiteElo "2021"]
[BlackElo "1786"]
[PlyCount "76"]
[EventDate "2019.05.30"]

1. e4 e6 2. d4 d5 3. e5 c5 4. c3 Nc6 5. Nf3 Qb6 6. Be2 cxd4 7. cxd4 Nge7 8. Na3
Nf5 9. Nc2 Bb4+ 10. Kf1 h5 11. a3 Be7 12. b4 Bd7 13. g3 Rc8 14. h4 f6 15. Bd3
Nd8 16. Ne3 Bb5 17. Nxf5 exf5 18. exf6 gxf6 19. Kg2 Bd7 20. Re1 Kf7 21. Ra2 Re8
22. Ng1 Rh8 23. Be2 Ne6 24. Bxh5+ Kf8 25. Be3 f4 26. gxf4 Bd6 27. f5 Ng7 28.
Bg6 Bxf5 29. Qf3 Bxg6 30. Qxf6+ Bf7 31. Bh6 Rxh6 32. Qxh6 Bb8 33. Qh8+ Bg8 34.
Nf3 Qg6+ 35. Ng5 Bf4 36. Rae2 Bxg5 37. hxg5 Qxg5+ 38. Kf1 Rc1 1/2-1/2

[Event "VIII. hagymatikum Kupa „B”"]
[Site "Makó, Korona Hotel"]
[Date "2019.05.31"]
[Round "3.8"]
[White "Hajdu, Istvan"]
[Black "Bacsi, Kristof"]
[Result "1/2-1/2"]
[WhiteElo "1900"]
[BlackElo "1695"]
[PlyCount "58"]
[EventDate "2019.05.30"]

1. e4 e6 2. d4 d5 3. Bd3 dxe4 4. Bxe4 Nf6 5. Bf3 c5 6. c3 cxd4 7. cxd4 Nc6 8.
Ne2 Be7 9. Nbc3 O-O 10. O-O a6 11. Be3 Qc7 12. Rc1 Rd8 13. Qc2 Bd6 14. g3 Qa5
15. Rfd1 Nb4 16. Qd2 Qf5 17. Bg2 Nbd5 18. Bg5 Be7 19. Nxd5 Nxd5 20. Bxe7 Nxe7
21. Nc3 h6 22. Qe2 Nc6 23. d5 exd5 24. Nxd5 Bd7 25. Be4 Qg5 26. Nb6 Bg4 27. f3
Rxd1+ 28. Rxd1 Rd8 29. Nd5 Be6 1/2-1/2

[Event "VIII. hagymatikum Kupa „B”"]
[Site "Makó, Korona Hotel"]
[Date "2019.05.31"]
[Round "3.9"]
[White "Lovaszi, Szabolcs"]
[Black "Tornyai, Jeno"]
[Result "0-1"]
[WhiteElo "1667"]
[BlackElo "1860"]
[PlyCount "125"]
[EventDate "2019.05.30"]

1. d4 d5 2. Bf4 e6 3. e3 Bd6 4. Nd2 Bxf4 5. exf4 Qf6 6. c3 Qxf4 7. Ngf3 Nf6 8.
Ne5 Nbd7 9. Ndf3 Ng4 10. Nxd7 Bxd7 11. h3 Nf6 12. Ne5 Qe4+ 13. Qe2 Qxe2+ 14.
Bxe2 Ne4 15. Bd3 Nd6 16. a4 f6 17. Ng4 O-O-O 18. Kd2 h5 19. Ne3 c6 20. f4 Ne4+
21. Bxe4 dxe4 22. Nc4 Kc7 23. Rhe1 e5 24. fxe5 Be6 25. Nd6 fxe5 26. dxe5 Bf5
27. Ke3 Rhf8 28. Nxf5 Rxf5 29. Rf1 Rxe5 30. Rf7+ Rd7 31. Raf1 Ree7 32. Rxe7
Rxe7 33. Rf5 g6 34. Rf6 Rg7 35. Kxe4 Kd7 36. Kf4 g5+ 37. Kf5 g4 38. Ke4 gxh3
39. gxh3 Rg3 40. Rf7+ Kc8 41. h4 Rg4+ 42. Rf4 Rg2 43. b4 Rg3 44. Rf3 Rg4+ 45.
Rf4 Rg3 46. Kd4 b6 47. Kc4 Kb7 48. Kb3 Rg4 49. Rd4 Rxd4 50. cxd4 Kc7 51. Kc4 a6
52. a5 bxa5 53. bxa5 Kd6 54. Kd3 Kd5 55. Ke3 Kc4 56. Ke4 Kb5 57. d5 cxd5+ 58.
Kxd5 Kxa5 59. Kc4 Kb6 60. Kb4 Kc6 61. Ka5 Kd5 62. Kxa6 Ke4 63. Kb6 0-1

[Event "VIII. hagymatikum Kupa „B”"]
[Site "Makó, Korona Hotel"]
[Date "2019.05.31"]
[Round "3.10"]
[White "Vamosi, Peter Istvan"]
[Black "Varga, Gabor"]
[Result "1/2-1/2"]
[WhiteElo "1626"]
[BlackElo "1855"]
[PlyCount "78"]
[EventDate "2019.05.30"]

1. Nf3 c5 2. g3 d5 3. d4 Nc6 4. Bg2 Bf5 5. a3 Nf6 6. O-O e6 7. Re1 cxd4 8. Nxd4
Nxd4 9. Qxd4 Bxc2 10. Nc3 h6 11. Bf4 a6 12. Rac1 Bb3 13. Na4 Bxa4 14. Qxa4+ b5
15. Qc2 Be7 16. Qc6+ Nd7 17. e4 O-O 18. exd5 exd5 19. Bxd5 Nb6 20. Rxe7 Nxd5
21. Rd7 Qf6 22. Qxd5 Qxb2 23. Rcc7 Qf6 24. Rxf7 Rxf7 25. Qxa8+ Rf8 26. Rc8 Rxc8
27. Qxc8+ Kh7 28. Qc5 Qg6 29. h4 Qf6 30. Qe5 Qg6 31. Kh2 Qc2 32. Be3 Qd3 33.
Bd4 Qg6 34. Kh3 h5 35. Qg5 Qf7 36. Be5 Kg8 37. Kh2 Qxf2+ 38. Kh1 Qf1+ 39. Kh2
Qf2+ 1/2-1/2

[Event "VIII. hagymatikum Kupa „B”"]
[Site "Makó, Korona Hotel"]
[Date "2019.05.31"]
[Round "3.11"]
[White "Csikos, Mihaly"]
[Black "Panda, Barnabas"]
[Result "1-0"]
[WhiteElo "2044"]
[BlackElo "1722"]
[PlyCount "89"]
[EventDate "2019.05.30"]

1. e4 c5 2. Nf3 Nc6 3. c3 d5 4. exd5 Qxd5 5. d4 Bg4 6. Be2 Nf6 7. c4 Qd6 8.
dxc5 Qxd1+ 9. Bxd1 e6 10. Be3 Ne4 11. Nbd2 Nxc5 12. O-O Be7 13. Nd4 Bxd1 14.
Rfxd1 O-O 15. Nxc6 bxc6 16. Bxc5 Bxc5 17. Ne4 Be7 18. Rd7 Rfe8 19. Rad1 Rad8
20. Kf1 f5 21. Nc3 Bf6 22. Na4 Rxd7 23. Rxd7 Re7 24. Rd6 Kf7 25. Rxc6 Rb7 26.
b3 Ke7 27. Ke2 Be5 28. Nc5 Rb6 29. Rxb6 axb6 30. Nd3 Bd4 31. Ne1 Kd6 32. b4 Kc6
33. Nc2 Be5 34. g3 b5 35. Kd3 bxc4+ 36. Kxc4 Bb8 37. a4 e5 38. a5 g6 39. b5+
Kb7 40. Kc5 g5 41. Nb4 f4 42. a6+ Ka8 43. b6 e4 44. Nc6 Ba7 45. Nxa7 1-0

[Event "VIII. hagymatikum Kupa „B”"]
[Site "Makó, Korona Hotel"]
[Date "2019.05.31"]
[Round "3.12"]
[White "Panda, Gyorgy"]
[Black "Molnar, Gabor"]
[Result "0-1"]
[WhiteElo "1653"]
[BlackElo "1999"]
[PlyCount "112"]
[EventDate "2019.05.30"]

1. d4 Nf6 2. c4 e6 3. Nc3 Bb4 4. Qc2 Nc6 5. Nf3 b6 6. e3 Bxc3+ 7. Qxc3 Ne4 8.
Qc2 f5 9. a3 O-O 10. Bd3 Nf6 11. O-O Bb7 12. b4 Ne7 13. Ng5 Nc8 14. e4 fxe4 15.
Nxe4 Nxe4 16. Bxe4 Bxe4 17. Qxe4 Nd6 18. Qe2 Qh4 19. Bb2 Rf5 20. Rac1 Nf7 21.
Rc3 Rf8 22. Rh3 Qd8 23. d5 e5 24. Qg4 Qg5 25. Qxg5 Nxg5 26. Re3 d6 27. f3 h5
28. h4 Nh7 29. c5 bxc5 30. bxc5 Rb8 31. cxd6 cxd6 32. Bc1 Rf4 33. Re4 Rxe4 34.
fxe4 Nf6 35. Re1 Rb1 36. Bd2 Rxe1+ 37. Bxe1 Nxe4 38. Kf1 Kf7 39. Ke2 Nf6 40.
Bb4 Ke7 41. Kd3 Nxd5 42. Bd2 Nb6 43. Ke4 Ke6 44. Kf3 Nc4 45. Bc1 Kf5 46. a4 a6
47. Bg5 d5 48. Be7 d4 49. Bc5 e4+ 50. Kf2 e3+ 51. Kf3 Nd2+ 52. Ke2 Ke4 53. Bf8
g6 54. Bh6 Nc4 55. Bg5 Nb2 56. a5 d3+ 0-1

[Event "VIII. hagymatikum Kupa „B”"]
[Site "Makó, Korona Hotel"]
[Date "2019.05.31"]
[Round "3.13"]
[White "Csibor, Andras"]
[Black "Nagy, Gabor"]
[Result "1-0"]
[WhiteElo "1786"]
[BlackElo "1897"]
[PlyCount "82"]
[EventDate "2019.05.30"]

1. d4 Nf6 2. c4 g6 3. Nc3 Bg7 4. e4 d6 5. Bg5 h6 6. Bf4 O-O 7. f3 Nh5 8. Be3 e5
9. d5 f5 10. exf5 gxf5 11. Qd2 f4 12. Bf2 Bf5 13. Bd3 Nd7 14. g4 Bxd3 15. Qxd3
Nhf6 16. h4 Nc5 17. Bxc5 dxc5 18. O-O-O Ne8 19. Ne4 b6 20. Ne2 Nd6 21. N2c3 Qe7
22. Nxd6 cxd6 23. g5 h5 24. Qg6 Qf7 25. Qxf7+ Rxf7 26. Ne4 Rd8 27. Rhg1 Kf8 28.
Rg2 Ke7 29. Rdg1 Rh8 30. Kc2 Rf5 31. a3 Rff8 32. b4 cxb4 33. axb4 Rc8 34. Kb3
Rc7 35. Ra2 Rhc8 36. Rc1 Kd7 37. Ra6 Bf8 38. Nf6+ Kd8 39. Nxh5 Rh7 40. Nf6 Rxh4
41. Rxa7 Rh3 1-0

[Event "VIII. hagymatikum Kupa „B”"]
[Site "Makó, Korona Hotel"]
[Date "2019.05.31"]
[Round "3.14"]
[White "Somogyi, Gabor"]
[Black "Abraham, Lajos"]
[Result "0-1"]
[WhiteElo "1874"]
[BlackElo "1662"]
[PlyCount "56"]
[EventDate "2019.05.30"]

1. Nf3 d6 2. e4 Nf6 3. Nc3 c6 4. d4 Bg4 5. Be2 Nbd7 6. Be3 Qa5 7. O-O b5 8. a3
Rc8 9. h3 Bxf3 10. Bxf3 e5 11. Be2 Be7 12. f4 Qc7 13. Rc1 a6 14. Bf3 c5 15.
fxe5 dxe5 16. d5 c4 17. Bg4 Bc5 18. Bxd7+ Kxd7 19. Rf3 Bxe3+ 20. Rxe3 Qc5 21.
Qf3 Ke7 22. Kh2 Qd6 23. Rf1 Rcf8 24. Ne2 Nd7 25. Ng3 g6 26. Qg4 Ke8 27. Ref3
Qe7 28. R3f2 h5 0-1

[Event "VIII. hagymatikum Kupa „B”"]
[Site "Makó, Korona Hotel"]
[Date "2019.05.31"]
[Round "3.15"]
[White "Balogh, Gyula"]
[Black "Marko, Arpad"]
[Result "0-1"]
[WhiteElo "1372"]
[BlackElo "1836"]
[PlyCount "36"]
[EventDate "2019.05.30"]

1. d4 d5 2. Nf3 Nf6 3. Bg5 c6 4. e3 Bf5 5. Bd3 Bg6 6. h3 Nbd7 7. O-O e6 8. Ne5
Bd6 9. Nxd7 Qxd7 10. Bxg6 hxg6 11. Nd2 Rh5 12. Bf4 O-O-O 13. Bxd6 Qxd6 14. f4
Rdh8 15. Rf3 g5 16. g4 Rxh3 17. Rxh3 Rxh3 18. Kg2 Rxe3 0-1

[Event "VIII. hagymatikum Kupa „B”"]
[Site "Makó, Korona Hotel"]
[Date "2019.05.31"]
[Round "3.16"]
[White "Kopias, Ferenc"]
[Black "Kralik, Attila"]
[Result "0-1"]
[WhiteElo "1819"]
[BlackElo "1631"]
[PlyCount "84"]
[EventDate "2019.05.30"]

1. e4 d6 2. c4 Nf6 3. Nc3 Nc6 4. d4 g6 5. f3 e5 6. d5 Ne7 7. Be3 Bg7 8. Bd3 O-O
9. Qd2 c5 10. Nge2 h5 11. h3 Bd7 12. a4 Qa5 13. Nb5 Qxd2+ 14. Bxd2 Ne8 15. a5
a6 16. Nbc3 f5 17. Na4 Bxa4 18. Rxa4 f4 19. O-O g5 20. Rb1 Rd8 21. b4 Rd7 22.
bxc5 dxc5 23. Ra2 g4 24. Rab2 Nd6 25. hxg4 hxg4 26. Rf1 g3 27. Rfb1 Rf6 28. Kf1
Rh6 29. Ng1 Ng6 30. Nh3 Bf6 31. Bc1 Bd8 32. Ra2 Nh4 33. Ba3 Bxa5 34. Bb2 Nxf3
35. gxf3 Rxh3 36. Rxa5 Rdh7 37. Ke1 Rh1+ 38. Kd2 Rxb1 39. Bxb1 g2 40. Bd3 g1=Q
41. Ra1 Rh2+ 42. Kc3 Qd4+ 0-1

[Event "VIII. hagymatikum Kupa „B”"]
[Site "Makó, Korona Hotel"]
[Date "2019.05.31"]
[Round "3.17"]
[White "Kardos, Levente"]
[Black "Torok, Csaba"]
[Result "1-0"]
[WhiteElo "1629"]
[BlackElo "1579"]
[PlyCount "71"]
[EventDate "2019.05.30"]

1. d4 Nf6 2. c4 g6 3. Nc3 Bg7 4. e4 O-O 5. Nf3 d6 6. Be2 e5 7. O-O exd4 8. Nxd4
Re8 9. f3 Nc6 10. Be3 Nh5 11. Nxc6 bxc6 12. Qd2 Qe7 13. Rfe1 Be6 14. Bd3 Nf6
15. Rad1 Nd7 16. f4 Nb6 17. b3 Rad8 18. f5 Bc8 19. Re2 Qe5 20. Nb1 Bb7 21. Rf1
f6 22. Bc2 c5 23. Nc3 c6 24. Rd1 Rd7 25. Bf4 Qd4+ 26. Qxd4 cxd4 27. Rxd4 d5 28.
exd5 Rxe2 29. Nxe2 cxd5 30. fxg6 hxg6 31. Bxg6 Re7 32. Kf2 Rd7 33. Bf5 Re7 34.
c5 Nc8 35. Bxc8 Bxc8 36. Rxd5 1-0

[Event "VIII. hagymatikum Kupa „B”"]
[Site "Makó, Korona Hotel"]
[Date "2019.05.31"]
[Round "3.18"]
[White "Toth, Lili"]
[Black "Martonosi, Adam"]
[Result "0-1"]
[WhiteElo "1464"]
[BlackElo "1944"]
[PlyCount "104"]
[EventDate "2019.05.30"]

1. d4 g6 2. e4 Bg7 3. Nf3 c5 4. d5 d6 5. c4 Nf6 6. Nc3 O-O 7. Bd3 Na6 8. a3 Nc7
9. O-O Bd7 10. Bf4 a6 11. a4 Rb8 12. a5 b5 13. axb6 Rxb6 14. Qe2 Nh5 15. Be3
Qb8 16. Bc1 e6 17. Qc2 exd5 18. cxd5 Bb5 19. g3 Qc8 20. Kg2 Bd7 21. Ng1 Nb5 22.
Nxb5 axb5 23. Be3 Ra6 24. f4 Qb7 25. Rfb1 Rfa8 26. Qc1 Nf6 27. Rxa6 Rxa6 28.
Ra1 Rxa1 29. Qxa1 Nxd5 30. Bd2 Nf6 31. Qe1 Bc6 32. Kf3 Nd7 33. b3 f5 34. Bc2
Nf6 35. h3 Bxe4+ 36. Bxe4 Qxe4+ 37. Qxe4 Nxe4 38. Be1 Kf7 39. g4 Ke6 40. Ne2 d5
41. g5 d4 42. Ng3 Nxg3 43. Kxg3 Kd5 44. Kf3 c4 45. b4 c3 46. Ke2 Kc4 47. Kd1 d3
48. h4 Bd4 49. Bg3 Kxb4 50. Be1 Kc4 51. Kc1 Be3+ 52. Kd1 c2# 0-1

[Event "VIII. hagymatikum Kupa „B”"]
[Site "Makó, Korona Hotel"]
[Date "2019.05.31"]
[Round "3.19"]
[White "Farkas, Imre"]
[Black "Kiss, Laszlo"]
[Result "0-1"]
[WhiteElo "1446"]
[BlackElo "1850"]
[PlyCount "60"]
[EventDate "2019.05.30"]

1. d4 Nf6 2. c4 g6 3. Nc3 d5 4. cxd5 Nxd5 5. e4 Nxc3 6. bxc3 Bg7 7. Bc4 c5 8.
Qf3 O-O 9. d5 b5 10. Bb3 Nd7 11. Ne2 Ne5 12. Qg3 c4 13. Bc2 b4 14. f4 Ng4 15.
h3 Nf6 16. Be3 e6 17. Bc5 exd5 18. e5 bxc3 19. Bxf8 Kxf8 20. exf6 Bxf6 21. O-O
d4 22. Qf3 Rb8 23. Rab1 Rb2 24. Bd3 cxd3 25. Qxd3 Bf5 26. Qc4 Rxb1 27. Rxb1
Bxb1 28. Qb4+ Kg7 29. Qxb1 d3 30. Nc1 d2 0-1

[Event "VIII. hagymatikum Kupa „B”"]
[Site "Makó, Korona Hotel"]
[Date "2019.05.31"]
[Round "3.21"]
[White "Marjanovic, Alex"]
[Black "Farkas, Virag"]
[Result "1/2-1/2"]
[WhiteElo "1608"]
[BlackElo "1458"]
[PlyCount "143"]
[EventDate "2019.05.30"]

1. e4 c5 2. Nf3 a6 3. b3 Nc6 4. Bb2 e6 5. c4 d5 6. exd5 exd5 7. d4 Nf6 8. Be2
Be7 9. O-O O-O 10. Nbd2 Bf5 11. Rc1 cxd4 12. Nxd4 Nxd4 13. Bxd4 Be6 14. Nf3 Qa5
15. Bc3 Qd8 16. Bb2 Rc8 17. Nd4 Qd7 18. Nxe6 fxe6 19. cxd5 exd5 20. Rxc8 Qxc8
21. Bxf6 Bxf6 22. Qxd5+ Kh8 23. Bd3 Rd8 24. Qe4 g6 25. Qf4 Rf8 26. Qh6 Bg7 27.
Qc1 Qd8 28. Qe3 Qc8 29. Rc1 Qd7 30. Rf1 Re8 31. Qg3 Rf8 32. Be4 Qe7 33. Bc2 Rc8
34. Bd3 Qd7 35. Be2 Re8 36. Bg4 Qe7 37. h3 Rd8 38. Bf3 Rc8 39. Rd1 Re8 40. Qg4
b5 41. Qd7 Qxd7 42. Rxd7 Re1+ 43. Kh2 Be5+ 44. g3 Rf1 45. Kg2 Ra1 46. Rd2 b4
47. Bb7 a5 48. f4 Bc7 49. Kf3 Rh1 50. Kg4 Ra1 51. Kg5 Rg1 52. g4 Rf1 53. Rd4
Rf2 54. Re4 Kg8 55. Bd5+ Kf8 56. f5 gxf5 57. gxf5 Bd8+ 58. Kg4 h5+ 59. Kg3 Rxf5
60. Bc6 Bg5 61. h4 Bf6 62. Re8+ Kg7 63. Re4 Kf8 64. Bd7 Rd5 65. Re8+ Kg7 66.
Be6 Re5 67. Rg8+ Kh7 68. Bc4 Kh6 69. Bf7 Kh7 70. Rg6 Bg7 71. Rg5 Kh6 72. Rxe5
1/2-1/2

[Event "VIII. hagymatikum Kupa „B”"]
[Site "Makó, Korona Hotel"]
[Date "2019.05.31"]
[Round "3.23"]
[White "Csikos, Adam"]
[Black "Varga, Szilvia"]
[Result "0-1"]
[WhiteElo "1316"]
[BlackElo "1430"]
[PlyCount "82"]
[EventDate "2019.05.30"]

1. e4 g6 2. d4 Bg7 3. Nf3 d6 4. Bf4 Nf6 5. Nc3 O-O 6. Be2 a6 7. Qd2 b5 8. a3 c5
9. e5 cxd4 10. Nxd4 dxe5 11. Bxe5 Bb7 12. O-O Ne4 13. Nxe4 Bxe5 14. Nc5 Qxd4
15. Qxd4 Bxd4 16. Nxb7 Bxb2 17. Ra2 Bd4 18. Bf3 Ra7 19. Rd1 e5 20. Bd5 Nd7 21.
Na5 Nb6 22. Bf3 Na4 23. Rd3 Nc3 24. Rxd4 exd4 25. Ra1 Rc7 26. Re1 f5 27. Nc6
Rd7 28. Nb4 g5 29. Nxa6 Ra7 30. Re6 g4 31. Bxg4 fxg4 32. Nc5 Rxa3 33. g3 Na4
34. Nd7 Rc8 35. Ne5 Rxc2 36. Re8+ Kg7 37. Nxg4 d3 38. Re7+ Kf8 39. Rxh7 d2 40.
Ne3 Rc1+ 41. Kg2 d1=Q 0-1